00545nam a2200169Ia 450000500170000000800410001702000150005804000560007304100080012910000330013724500300017026000470020030000180024750000650026565000240033065000210035420211108102056.0130821s1939 fr gr fre  a2070368785 aCo-BoUCMbspacSandra Palacio (modificó)d[Nuevo] afre1 aSartre, Jean-Pauld1905-198013aLe murcJean-Paul Sartre. aParís (Francia)bGallimard c1939.cc1939 a252 páginas aEjemplar 2: disponible en 24 horas a partir de la solicitud.17aLiteratura francesa27aTeatro francés